Abstract set theory /
Guardado en:
| Autor Principal: | |
|---|---|
| Formato: | Libro |
| Idioma: | English |
| Publicado: |
Amsterdam :
North-Holland,
1953.
|
| Series: | Studies in logic and the foundations of mathematics
|
| Etiquetas: |
Agregar Etiqueta
Sin Etiquetas, Sea el primero en etiquetar este registro!
|
| LEADER | 00486nam a22001455a 4500 | ||
|---|---|---|---|
| 001 | MAT.inmabb000314 | ||
| 008 | 031210s1953####ne############001#0#eng#d | ||
| 005 | 20110228163259.0 | ||
| 245 | 1 | 0 | |a Abstract set theory / |c Abraham A. Fraenkel. |
| 260 | |a Amsterdam : |b North-Holland, |c 1953. | ||
| 300 | |a xii, 479 p. ; |c 23 cm. | ||
| 440 | 0 | |a Studies in logic and the foundations of mathematics | |
| 100 | 1 | |a Fraenkel, Abraham Adolf, |d 1891-1965. | |
| 084 | |a 03E10 |2 msc2000 | ||
| 859 | |h 03 |i F799 |p A-54 |b BIB. MATEMATICA | ||
